| 000 | 00331 a2200145 4500 | ||
|---|---|---|---|
| 003 | Nust | ||
| 005 | 20170207154215.0 | ||
| 040 | _cNust | ||
| 082 | _a378.4 | ||
| 245 |
_aKeele Uni-UG Prospectus 2001 _cKeele Uni |
||
| 260 |
_aKeele _bKeele Uni _c2001 |
||
| 300 | _a193 p. | ||
| 538 | _aAlmirah No. 117 Shelf No. 2 | ||
| 650 | _aUG Pospectus | ||
| 942 |
_2ddc _cBK |
||
| 999 |
_c195072 _d195072 |
||